My boy Jack (Record no. 267529)
[ view plain ]
| 000 -LEADER | |
|---|---|
| fixed length control field | 04971ngm a2200973Ka 4500 |
| 001 - CONTROL NUMBER | |
| control field | ocn191049870 |
| 003 - CONTROL NUMBER IDENTIFIER | |
| control field | OCoLC |
| 005 - DATE AND TIME OF LATEST TRANSACTION | |
| control field | 20200320182554.0 |
| 007 - PHYSICAL DESCRIPTION FIXED FIELD--GENERAL INFORMATION | |
| fixed length control field | vd cvaizs |
| 008 - FIXED-LENGTH DATA ELEMENTS--GENERAL INFORMATION | |
| fixed length control field | 080122s2008 xxk120 vleng d |
| 020 ## - INTERNATIONAL STANDARD BOOK NUMBER | |
| International Standard Book Number | 1419865773 |
| 020 ## - INTERNATIONAL STANDARD BOOK NUMBER | |
| International Standard Book Number | 9781419865770 |
| 020 ## - INTERNATIONAL STANDARD BOOK NUMBER | |
| Terms of availability | 21.95 |
| 024 10 - OTHER STANDARD IDENTIFIER | |
| Standard number or code | 883929009350 |
| 024 1# - OTHER STANDARD IDENTIFIER | |
| Standard number or code | 00883929009350 |
| 028 42 - PUBLISHER NUMBER | |
| Publisher number | 1000037030 |
| Source | BBC Video |
| 028 42 - PUBLISHER NUMBER | |
| Publisher number | 3000015316 |
| Source | BBC Video |
| 033 01 - DATE/TIME AND PLACE OF AN EVENT | |
| Formatted date/time | 2007---- |
| 035 ## - SYSTEM CONTROL NUMBER | |
| System control number | (OCoLC)191049870 |
| 037 ## - SOURCE OF ACQUISITION | |
| Source of stock number/acquisition | Midwest Tape |
| Note | http://www.midwesttapes.com |
| 040 ## - CATALOGING SOURCE | |
| Original cataloging agency | TEFMT |
| Transcribing agency | TEFMT |
| Modifying agency | RCS |
| -- | GK8 |
| -- | BTCTA |
| -- | WACOL |
| 044 ## - COUNTRY OF PUBLISHING/PRODUCING ENTITY CODE | |
| MARC country code | xxk |
| -- | ie |
| -- | mau |
| 049 ## - LOCAL HOLDINGS (OCLC) | |
| Holding library | WACL |
| 050 14 - LIBRARY OF CONGRESS CALL NUMBER | |
| Classification number | PN1992.77 |
| Item number | .M9 2008 |
| 082 04 - DEWEY DECIMAL CLASSIFICATION NUMBER | |
| Classification number | 791.45/72 |
| Edition number | 22 |
| 092 ## - LOCALLY ASSIGNED DEWEY CALL NUMBER (OCLC) | |
| Classification number | DVD |
| Item number | My boy |
| 245 00 - TITLE STATEMENT | |
| Title | My boy Jack |
| Medium | [videorecording] / |
| Statement of responsibility, etc | an Ecosse Films and WGBH/Boston production for ITV ; a co-production of Ingenious Broadcasting in association with Octagon Films with the participation of Bord Scannán na hÉireann/Irish Film Board ; producers, Michael Casey, Douglas Rae ; screenplay by David Haig ; director, Brian Kirk. |
| 260 ## - PUBLICATION, DISTRIBUTION, ETC. (IMPRINT) | |
| Place of publication, distribution, etc | [S.l.] : |
| Name of publisher, distributor, etc | BBC Video : |
| -- | 2 Entertain Video Limited : |
| -- | Distributed by BBC Worldwide Americas ; |
| Place of publication, distribution, etc | Burbank, CA : |
| Name of publisher, distributor, etc | Distributed by Warner Home Video, |
| Date of publication, distribution, etc | [2008] |
| 300 ## - PHYSICAL DESCRIPTION | |
| Extent | 1 videodisc (ca. 120 min.) : |
| Other physical details | sd., col. ; |
| Dimensions | 4 3/4 in. |
| 538 ## - SYSTEM DETAILS NOTE | |
| System details note | DVD, region 1, widescreen (16:9 enhanced) presentation; Dolby Digital stereo., DVD9, NTSC. |
| 546 ## - LANGUAGE NOTE | |
| Language note | English subtitles for the deaf and hearing impaired. |
| 500 ## - GENERAL NOTE | |
| General note | Title from container. |
| 511 1# - PARTICIPANT OR PERFORMER NOTE | |
| Participant or performer note | David Haig, Daniel Radcliffe, Carey Mulligan, Julian Wadham, Martin McCann, Kim Cattrall. |
| 508 ## - CREATION/PRODUCTION CREDITS NOTE | |
| Creation/production credits note | Director of photography, David Odd ; editor, Tim Murrell ; music, Adrian Johnston ; costume designer, Lorna Marie Mugan ; production designer, Dave Arrowsmith. |
| 518 ## - DATE/TIME AND PLACE OF AN EVENT NOTE | |
| Date/time and place of an event note | Originally broadcast as a made-for-TV movie in 2007. |
| 520 ## - SUMMARY, ETC. | |
| Summary, etc | It's 1914 and the British Empire's greatest supporter, Rudyard Kipling, is at the peak of his literary fame. Kipling's son, Jack, is determined to play his part in the immiment war with Germany but finds himself rejected due to his poor eyesight. Kipling uses his influence to land Jack a commission in the Irish Guards. Kipling's wife, Caroline, is bitterly upset, failing to see the glory in losing her only son to the war. How will the great writer, torn between his two greatest passions--devotion to King and Country and love for his family--justify the consequences of his actions to himself and his wife? |
| 500 ## - GENERAL NOTE | |
| General note | Special features: Interview with Daniel Radcliffe, David Haig, and Kim Cattrall; deleted scenes. |
| 600 10 - SUBJECT ADDED ENTRY--PERSONAL NAME | |
| Personal name | Kipling, Rudyard, |
| Dates associated with a name | 1865-1936 |
| General subdivision | Family |
| Form subdivision | Drama. |
| 9 (RLIN) | 5844564 |
| 600 10 - SUBJECT ADDED ENTRY--PERSONAL NAME | |
| Personal name | Kipling, John, |
| Dates associated with a name | 1897-1915 |
| Form subdivision | Drama. |
| 9 (RLIN) | 5844565 |
| 650 #0 - SUBJECT ADDED ENTRY--TOPICAL TERM | |
| Topical term or geographic name as entry element | Fathers and sons |
| Form subdivision | Drama. |
| 9 (RLIN) | 5704996 |
| 650 #0 - SUBJECT ADDED ENTRY--TOPICAL TERM | |
| Topical term or geographic name as entry element | World War, 1914-1918 |
| Form subdivision | Drama. |
| 9 (RLIN) | 5675020 |
| 650 #0 - SUBJECT ADDED ENTRY--TOPICAL TERM | |
| Topical term or geographic name as entry element | World War, 1914-1918 |
| General subdivision | Casualties |
| Form subdivision | Drama. |
| 9 (RLIN) | 5844566 |
| 600 18 - SUBJECT ADDED ENTRY--PERSONAL NAME | |
| Personal name | Kipling, Rudyard, |
| Dates associated with a name | 1865-1936 |
| General subdivision | Family |
| Form subdivision | Drama. |
| 9 (RLIN) | 5844564 |
| 600 18 - SUBJECT ADDED ENTRY--PERSONAL NAME | |
| Personal name | Kipling, John, |
| Dates associated with a name | 1897-1915 |
| Form subdivision | Drama. |
| 9 (RLIN) | 5844565 |
| 650 #8 - SUBJECT ADDED ENTRY--TOPICAL TERM | |
| Topical term or geographic name as entry element | Father-son relationship |
| Form subdivision | Drama. |
| 9 (RLIN) | 5763954 |
| 650 #8 - SUBJECT ADDED ENTRY--TOPICAL TERM | |
| Topical term or geographic name as entry element | World War, 1914-1918 |
| Form subdivision | Drama. |
| 9 (RLIN) | 5675020 |
| 650 #8 - SUBJECT ADDED ENTRY--TOPICAL TERM | |
| Topical term or geographic name as entry element | World War, 1914-1918 |
| General subdivision | Casualties |
| Form subdivision | Drama. |
| 9 (RLIN) | 5844566 |
| 655 #7 - INDEX TERM--GENRE/FORM | |
| Genre/form data or focus term | Biographical |
| Form subdivision | Television feature. |
| Source of term | migfg |
| 9 (RLIN) | 5844567 |
| 655 #7 - INDEX TERM--GENRE/FORM | |
| Genre/form data or focus term | War |
| Form subdivision | Television feature. |
| Source of term | migfg |
| 9 (RLIN) | 5844568 |
| 655 #7 - INDEX TERM--GENRE/FORM | |
| Genre/form data or focus term | Historical |
| Form subdivision | Television feature. |
| Source of term | migfg |
| 9 (RLIN) | 5844569 |
| 655 #7 - INDEX TERM--GENRE/FORM | |
| Genre/form data or focus term | Television movies. |
| Source of term | gsafd |
| 9 (RLIN) | 102730 |
| 655 #7 - INDEX TERM--GENRE/FORM | |
| Genre/form data or focus term | Biographical television programs. |
| Source of term | gsafd |
| 9 (RLIN) | 102651 |
| 655 #7 - INDEX TERM--GENRE/FORM | |
| Genre/form data or focus term | War television programs. |
| Source of term | gsafd |
| 9 (RLIN) | 102774 |
| 655 #7 - INDEX TERM--GENRE/FORM | |
| Genre/form data or focus term | Historical drama. |
| Source of term | gsafd |
| 9 (RLIN) | 102656 |
| 655 #0 - INDEX TERM--GENRE/FORM | |
| Genre/form data or focus term | War films. |
| 9 (RLIN) | 102638 |
| 655 #0 - INDEX TERM--GENRE/FORM | |
| Genre/form data or focus term | Historical films. |
| 9 (RLIN) | 102716 |
| 655 #0 - INDEX TERM--GENRE/FORM | |
| Genre/form data or focus term | Made-for-TV movies. |
| 9 (RLIN) | 5674315 |
| 655 #0 - INDEX TERM--GENRE/FORM | |
| Genre/form data or focus term | Television adaptations. |
| 9 (RLIN) | 5685124 |
| 655 #0 - INDEX TERM--GENRE/FORM | |
| Genre/form data or focus term | Video recordings for the hearing impaired. |
| 9 (RLIN) | 5844570 |
| 655 #0 - INDEX TERM--GENRE/FORM | |
| Genre/form data or focus term | Fiction films. |
| 9 (RLIN) | 5674705 |
| 655 #0 - INDEX TERM--GENRE/FORM | |
| Genre/form data or focus term | Feature films. |
| 9 (RLIN) | 5844571 |
| 700 1# - ADDED ENTRY--PERSONAL NAME | |
| Personal name | Casey, Michael. |
| 9 (RLIN) | 5844572 |
| 700 1# - ADDED ENTRY--PERSONAL NAME | |
| Personal name | Rae, Douglas. |
| 9 (RLIN) | 76200 |
| 700 1# - ADDED ENTRY--PERSONAL NAME | |
| Personal name | Haig, David. |
| 9 (RLIN) | 56983 |
| 700 1# - ADDED ENTRY--PERSONAL NAME | |
| Personal name | Kirk, Brian. |
| 9 (RLIN) | 5844573 |
| 700 1# - ADDED ENTRY--PERSONAL NAME | |
| Personal name | Radcliffe, Daniel, |
| Dates associated with a name | 1989- |
| 9 (RLIN) | 67925 |
| 700 1# - ADDED ENTRY--PERSONAL NAME | |
| Personal name | Mulligan, Carey, |
| Dates associated with a name | 1985- |
| 9 (RLIN) | 72709 |
| 700 1# - ADDED ENTRY--PERSONAL NAME | |
| Personal name | Wadham, Julian, |
| Dates associated with a name | 1958- |
| 9 (RLIN) | 5844574 |
| 700 1# - ADDED ENTRY--PERSONAL NAME | |
| Personal name | McCann, Martin. |
| 9 (RLIN) | 5844575 |
| 700 1# - ADDED ENTRY--PERSONAL NAME | |
| Personal name | Cattrall, Kim. |
| 9 (RLIN) | 14280 |
| 710 2# - ADDED ENTRY--CORPORATE NAME | |
| Corporate name or jurisdiction name as entry element | Ecosse Films (Firm) |
| 9 (RLIN) | 56637 |
| 710 2# - ADDED ENTRY--CORPORATE NAME | |
| Corporate name or jurisdiction name as entry element | WGBH (Television station : Boston, Mass.) |
| 9 (RLIN) | 12801 |
| 710 2# - ADDED ENTRY--CORPORATE NAME | |
| Corporate name or jurisdiction name as entry element | Bord Scannán na hÉireann. |
| 9 (RLIN) | 65916 |
| 710 2# - ADDED ENTRY--CORPORATE NAME | |
| Corporate name or jurisdiction name as entry element | Ingenious Broadcasting (Firm) |
| 9 (RLIN) | 5844576 |
| 710 2# - ADDED ENTRY--CORPORATE NAME | |
| Corporate name or jurisdiction name as entry element | Octagon Films. |
| 9 (RLIN) | 5815710 |
| 710 2# - ADDED ENTRY--CORPORATE NAME | |
| Corporate name or jurisdiction name as entry element | BBC Video (Firm) |
| 9 (RLIN) | 61947 |
| 710 2# - ADDED ENTRY--CORPORATE NAME | |
| Corporate name or jurisdiction name as entry element | 2 Entertain Video (Firm) |
| 9 (RLIN) | 74501 |
| 710 2# - ADDED ENTRY--CORPORATE NAME | |
| Corporate name or jurisdiction name as entry element | BBC Worldwide Americas, Inc. |
| 9 (RLIN) | 62996 |
| 710 2# - ADDED ENTRY--CORPORATE NAME | |
| Corporate name or jurisdiction name as entry element | Warner Home Video (Firm) |
| 9 (RLIN) | 61103 |
| 942 ## - ADDED ENTRY ELEMENTS (KOHA) | |
| Koha item type | DVD |
| 948 ## - LOCAL PROCESSING INFORMATION (OCLC); SERIES PART DESIGNATOR (RLIN) | |
| Series part designator, SPT (RLIN) | 06/16/2008 |
| z (OCLC) | Sirsi |
| 994 ## - | |
| -- | 02 |
| -- | WACOL |
| 996 ## - | |
| -- | 63682 |
| -- | 34301000782179 |
| -- | DVD |
| -- | DVD |
| -- | wcl |
| -- | i |
| -- | 59 |
| -- | 16.99 |
| -- | MicroMarketing |
| -- | My boy |
| -- | 06/16/2008 |
| -- | 07/11/2018 |
| -- | 07/06/2018 |
| Withdrawn status | Lost status | Source of classification or shelving scheme | Damaged status | Not for loan | Collection code | Home library | Current library | Shelving location | Date acquired | Source of acquisition | Cost, normal purchase price | Total Checkouts | Total Renewals | Full call number | Barcode | Date last seen | Date checked out | Cost, replacement price | Price effective from | Koha item type |
|---|---|---|---|---|---|---|---|---|---|---|---|---|---|---|---|---|---|---|---|---|
| Dewey Decimal Classification | Movies | Wasatch County Library | Wasatch County Library | Audio Visual Area | 06/16/2008 | 16.99 | 62 | 3 | DVD My boy | 34301000782179 | 03/07/2024 | 09/13/2023 | 16.99 | 03/20/2020 | DVD |
